000 00885cam a2200253 a 4500
001 14793652
005 20180312090231.0
008 070402s2009 gaua bc s001 0 eng
010 _a 2007014141
020 _a9780915977642
020 _a0915977648
040 _aDLC
_cDLC
_dDLC
041 _aeng
043 _ae-it---
_an-usu--
080 _a759.507475 ROB
082 0 0 _a759.507475 ROB
_222
100 1 _a44
101 _aART
245 1 0 _aCorpus of early Italian paintings in North American public collections.
_pThe South /
_cPerri Lee Roberts ; Andrew Ladis, general editor.
504 _aIncludes bibliographical references and index.
906 _a7
_bcbc
_corignew
_d1
_eecip
_f20
_gy-gencatlg
942 _2ddc
_cBK
999 _c44756
_d44756